Central Library OPAC University of Rajshahi

اسلام اور جدید معاشی نظریات ;; Islam Aur jadid mashi nazaryat / (Record no. 86522)

MARC details
000 -LEADER
fixed length control field 00617nam a2200193 4500
001 - CONTROL NUMBER
control field 86522
003 - CONTROL NUMBER IDENTIFIER
rucl marc code BD-RjUL
005 - DATE AND TIME OF LATEST TRANSACTION
control field 20260520123422.0
008 - FIXED-LENGTH DATA ELEMENTS--GENERAL INFORMATION
fixed length control field 260520s1959 urd||||| |||| 00| 0 urd d
035 ## - SYSTEM CONTROL NUMBER
System control number (BD-RjUL) 86522
040 ## - CATALOGING SOURCE
Original cataloging agency BD-RjUL
Language of cataloging eng
Transcribing agency BD-RjUL
041 ## - LANGUAGE CODE
Language code of text/sound track or separate title urd
082 ## - DEWEY DECIMAL CLASSIFICATION NUMBER
Edition number 23
Classification number 330
Author mark and year MAI 1959
245 10 - TITLE STATEMENT
Title اسلام اور جدید معاشی نظریات ;; Islam Aur jadid mashi nazaryat /
Statement of responsibility, etc. ابوالاعلی مودودی ;;Abul Ala Maududi
260 ## - PUBLICATION, DISTRIBUTION, ETC. (IMPRINT)
Place of publication, distribution, etc. Karachi :
Name of publisher, distributor, etc. Islamic pub. ;
Date of publication, distribution, etc. 1959
300 ## - PHYSICAL DESCRIPTION
Pagination 167 p;
Size 17 cm
650 ## - SUBJECT ADDED ENTRY--TOPICAL TERM
Topical term or geographic name as entry element Islam and modern economic theories
9 (RLIN) 18553
942 ## - ADDED ENTRY ELEMENTS (KOHA)
Source of classification or shelving scheme Dewey Decimal Classification
Koha item type Books
Holdings
Lost status Source of classification or shelving scheme Damaged status Not for loan Collection code Permanent Location Current Location Shelving location Date acquired Total Checkouts Full call number Date last seen Copy number Koha item type
  Dewey Decimal Classification   Not For Loan Non-fiction Central Library, University of Rajshahi Central Library, University of Rajshahi Reading Room 20/05/2026   U 297.273 MAI 1959 20/05/2026 C-1 Books